Pomohol Leonardo da Vinci odborná stáž študentov v jednej z najlepšie vybavených škôl v Európe

Bibliographic Details
Main Author: Príhoda, Peter (Author)
Format: Article
Language:Slovak
PhysicalDescription:Fotogr.
ISSN:1336-4030
Subjects:
Online Access:www.vecernik.po.sk

MARC

LEADER 00000nab a2200000 a 4500
001 vtls009008652
003 SK-MaSNL
005 20260303065526.0
008 070723c20070529xo dr n 000 00slo
015 |a SNBRB2007/07SVKPO 
038 |a SVKPOCL 
040 |a SVKPOCL  |b slo  |c AACR2  |e AACR2 
041 |a slo 
044 |a xo  |c SK 
080 |a 377.35:69(437.6:436)  |2 2001 
080 |a 37.014.25  |2 2001 
100 1 |a Príhoda, Peter  |4 aut  |9 1011059 
245 1 0 |a Pomohol Leonardo da Vinci  |b odborná stáž študentov v jednej z najlepšie vybavených škôl v Európe  |c Ing. Peter Príhoda 
300 |a Fotogr. 
610 2 7 |a Stredné odborné učilište stavebné (Prešov, Slovensko)  |2 svkpocl  |9 57086 
610 2 7 |a Landesberufschule (Zistersdorfe, Rakúsko)  |2 svkpocl  |9 1065699 
630 0 7 |a Leonardo da Vinci (vzdelávací program)  |2 svkpocl  |9 604139 
650 0 7 |a medzinárodná spolupráca  |2 svkpocl  |9 4911 
650 0 7 |a stáže  |2 svkpocl  |9 59655 
651 7 |a Prešov (Slovensko)  |2 svkpocl  |9 17347 
773 0 |t Prešovský večerník  |g Roč. XVIII, č. 4208 (29.5.2007), s. 13  |x 1336-4030 
852 |a SVKPO  |b KIS3GCP 
856 4 1 |u www.vecernik.po.sk 
958 |a RG 
958 |a AT 
999 |c 1751560  |d 1753490